| 000 | 00656nmc a2200265 a 4500 | ||
|---|---|---|---|
| 003 | AR-Y00000XR | ||
| 005 | 20251128211551.0 | ||
| 008 | 277020s1993 ||||||||||||||000 | spa|| | ||
| 020 | _a1-85326-200-5 | ||
| 040 | _cAR-Y00000XR | ||
| 100 | 1 | _aDostoyevsky, Fyodor | |
| 245 | 1 | 0 | _aCrime and punishment |
| 260 |
_aHertfordshire _bWordsworth Editions _c1993 |
||
| 300 | 0 | _a402 p. | |
| 490 | 0 | _aWordsworth classics | |
| 650 | 4 | _aLITERATURA RUSA | |
| 650 | 4 | _aNOVELAS | |
| 650 | 4 | _aREALISMO | |
| 650 | 4 | _aFILOSOFIA LITERARIA | |
| 650 | 4 | _aSIGLO DIECINUEVE | |
| 653 | 0 | _aNATURALISMO | |
| 655 | _aLITERATURA | ||
| 942 | _cBK | ||
| 998 | _cmi-desc | ||
| 999 |
_c20218 _d20218 |
||